000 00543nam a2200193 4500
001 122519
003 ES-MaACL
005 20250905163359.0
007 t|
008 070214s1973 sp r ||||1| spa d
100 1 _aPrior, Allan.
_993987
245 1 3 _aEl contrato /
_cAllan Prior ; traducción de Teresa Pamies.
250 _a1ª ed.
260 _aBarcelona :
_bMartínez Roca,
_c1973.
300 _a338 p. ;
_c21 cm.
700 1 _aPàmies, Teresa,
_d1919-
_9131445
852 _aES-MaACL
_jC-52442
_bR.85769
999 _c122519
_d122519